000 00995cam a2200301 i 4500
001 18143392
003 EG-ScBUE
005 20260512084256.0
008 140507t2014 enka f b f001 0 eng d
020 _a9780199651566 (pbk)
040 _aDLC
_beng
_erda
_cDLC
_dEG-ScBUE
082 0 4 _a572.80285
_222
_bLES
100 1 _aLesk, Arthur M.,
_eauthor.
_932910
245 1 0 _aIntroduction to bioinformatics /
_cArthur M. Lesk, The Pennsylvania State University.
246 3 0 _aBioinformatics
250 _aFourth edition.
264 1 _aOxford, United Kingdom :
_bOxford University Press,
_c[2014]
264 4 _cc2014
300 _axvi, 371 pages :
_billustrations ;
_c27 cm
336 _2rdacontent
_atext
_btxt
337 _aunmediated
_2rdamedia
_bn
338 _avolume
_bnc
_2rdacarrier
504 _aIncludes bibliographical references and index.
650 7 _aBioinformatics.
_2BUEsh
_95545
653 _bCOMSCI
_bENGCHE
_cNovember2014
655 _vReading book
_934232
942 _2ddc
_cBB
999 _c18628
_d18600